| 000 | 00488nam a2200145Ia 4500 | ||
|---|---|---|---|
| 008 | 230917s9999||||xx |||||||||||||| ||und|| | ||
| 040 |
_e181559 _aMAIN |
||
| 041 | _aEnglish | ||
| 082 | _a891.4317109 DK945:CH | ||
| 100 | _aशर्मा, हरिचरण | ||
| 245 | 0 | _aदूष्यंत कुमार और उनका साहित्य | |
| 260 |
_aनई दिल्ली _bप्रमोद प्रकाशन _c1982 |
||
| 300 | _a356 पृ. p. | ||
| 942 | _cHN | ||
| 999 |
_c229651 _d229651 |
||